[Event "18th Delhi GM Open 2020"]
[Site "Delhi"]
[Date "2020.01.09"]
[Round "1.1"]
[White "Gandhi, Anish"]
[Black "Amonatov, Farrukh"]
[Result "0-1"]
[WhiteElo "2168"]
[BlackElo "2631"]
[Annotator "TA"]
[PlyCount "94"]
[EventDate "2020.01.09"]
[EventType "swiss"]
[EventCountry "IND"]
[SourceTitle "playchess.com"]
[Source "ChessBase"]
[SourceQuality "1"]

{[%evp 9,94,34,55,34,34,33,49,33,51,28,35,0,47,23,29,16,41,33,31,33,33,37,45,22,22,28,22,25,31,-9,-10,-14,-8,-30,-33,-39,-23,-31,-26,-31,-31,-83,-20,-26,0,0,0,0,0,0,0,-37,-35,-48,-40,-55,-42,-47,-53,-53,-50,-91,-41,-170,-164,-185,-159,-812,-190,-290,-253,-343,-352,-572,-564,-782,-763,-819,-810,-1443,-1426,-1395,-1248,-1318,-1303,-1303,-1377]} 1. d4 Nf6 2. c4 g6 3. Nc3 Bg7 4. e4 d6 5. h3 c5 6. dxc5 {E71: King's Indian: 4 e4 d6 5 h3} (6. d5 O-O 7. Nf3 e6 8. Bd3 Nbd7 9. O-O e5 10. Re1 Ne8 11. Bg5 f6 12. Bh4 Qe7 13. g4 Bh6 14. Kh1 Bf4 15. Bg3 g5 16. Kg2 Rf7 17. Nd2 h5 18. gxh5 {0-1 (60) Harika,D (2513)-Akopian,V (2648) Doha 2015}) 6... Qa5 {Threatening ...Nxe4.} 7. Bd2 Qxc5 8. Nf3 {White is slightly better.} O-O 9. Be3 (9. Be2 {keeps more tension.} Qc7 10. Qc2 b6 11. O-O Bb7 12. Rad1) 9... Qa5 {White must now prevent ...Nxe4.} 10. Qd2 Nbd7 $146 ({Predecessor:} 10... Nc6 11. Rc1 Bd7 12. Bd3 Rfc8 13. O-O a6 {0-1 (82) Kalinin,O (2336)-Plichta,K (2195) Lazy 2012}) 11. Nd4 Nc5 12. Bd3 e5 13. Nc2 $1 Be6 14. O-O Qc7 15. b3 a6 16. Nb4 Qa5 17. Nbd5 Nxd5 18. cxd5 Bd7 19. Rab1 {Strongly threatening b4.} Nxd3 20. Qxd3 f5 21. b4 Qd8 22. f3 b5 23. exf5 gxf5 24. f4 Qf6 {...e4 is the strong threat.} 25. Rbc1 ({Better is} 25. Rb3 $15) 25... Rac8 (25... e4 $17 26. Qd2 Rac8) 26. Ne2 Rfe8 27. Rxc8 Rxc8 28. Rc1 Qf7 29. Rxc8+ Bxc8 30. fxe5 dxe5 31. d6 Bd7 $36 {[%mdl 2048] Black has some pressure.} 32. a3 Qc4 33. Qd2 Qe6 34. Bc5 Bc6 35. Qg5 Qf6 36. Qxf6 ({White should try} 36. Qd2 $15) 36... Bxf6 $15 {[%mdl 4096] Endgame KBB-KBN} 37. Ng3 {[#]} Bd7 $1 38. Kf2 $2 (38. Ne2 $17) 38... Kf7 $2 (38... Bh4 39. Ke2 Bxg3) 39. Nh5 (39. Nf1 {was worth a try.}) 39... Bg5 40. Ke2 Bc1 41. Ng3 $2 (41. Bb6 {might work better.}) 41... Bxa3 $19 {Black is clearly winning.} 42. Kd3 {[#]} a5 $1 {[%mdl 512]} 43. Kc3 (43. bxa5 Bxc5) 43... Ke6 44. Nf1 Bxb4+ 45. Bxb4 axb4+ 46. Kxb4 Kxd6 47. Ne3 f4 {Accuracy: White = 30%, Black = 63%.} 0-1

[Event "18th Delhi GM Open 2020"]
[Site "Delhi"]
[Date "2020.01.09"]
[Round "1.2"]
[White "Ponkratov, Pavel"]
[Black "Manish Kumar"]
[Result "1-0"]
[WhiteElo "2622"]
[BlackElo "2168"]
[Annotator "TA"]
[PlyCount "47"]
[EventDate "2020.01.09"]
[EventType "swiss"]
[EventCountry "IND"]
[SourceTitle "playchess.com"]
[Source "ChessBase"]
[SourceQuality "1"]

{[%evp 16,55,66,43,83,70,118,124,116,112,158,123,214,224,215,189,176,159,149,150,142,93,172,147,172,174,171,146,127,127,691,672,649,469,448,459,475,467,467,471,466,443]} 1. Nf3 Nf6 2. c4 g6 3. Nc3 Bg7 4. e4 d6 5. d4 O-O 6. Bg5 Na6 7. Bd3 c5 8. d5 Nc7 9. O-O Bd7 {E70: King's Indian: Miscellaneous lines with 4 e4, including 5 Nge2 and 5 Bd3 0-0 6 Nge2} (9... Rb8 10. Rb1 Bg4 11. h3 Bxf3 12. Qxf3 Nd7 13. Qe3 a6 14. a4 Ne5 15. Be2 Re8 16. b4 cxb4 17. Rxb4 {1-0 (31) Arkell,K (2435)-Onley,D (2125) Amersham 2012}) 10. Re1 Rb8 $146 ({Predecessor:} 10... e5 11. dxe6 Nxe6 12. Bh4 Bc6 13. Bc2 Qb6 14. Rb1 Nd4 15. a3 Nxc2 16. Qxc2 {1-0 (48) Schmitz,T (2265)-Schueller,E (2175) Bayern 2001}) 11. e5 dxe5 {White is better.} 12. Nxe5 Qc8 13. Qf3 Rd8 (13... Nce8 $16 14. g4 Nd6) 14. Re2 $18 Bf5 15. Rae1 Nce8 16. Bxf5 Qxf5 17. Qxf5 gxf5 18. Nd3 Bf8 (18... Nd6 $16 {might work better.}) 19. Re3 Rbc8 20. Rg3 {[#] And now Bxf6+ would win.} Kh8 21. Ne5 Nd6 22. Nb5 $36 {[%mdl 2048] Keeping Black busy.} Nfe4 $2 {[%mdl 8192] [#]} (22... Nfe8 $16) 23. Rxe4 $1 {[%mdl 576] Remove Defender. White is clearly winning.} fxe4 (23... Nxe4 24. Bf6+) 24. Bh6 {Played: Bg5xe7} 1-0

[Event "18th Delhi GM Open 2020"]
[Site "Delhi"]
[Date "2020.01.09"]
[Round "1.3"]
[White "Kulkarni, Vinayak"]
[Black "Karthikeyan, Murali"]
[Result "0-1"]
[WhiteElo "2167"]
[BlackElo "2606"]
[Annotator "TA"]
[PlyCount "58"]
[EventDate "2020.01.09"]
[EventType "swiss"]
[EventCountry "IND"]
[SourceTitle "playchess.com"]
[Source "ChessBase"]
[SourceQuality "1"]

{[%evp 12,58,6,-4,-1,-10,-13,-12,-2,-12,-10,-12,-9,-31,-35,-44,-13,-30,-25,-49,-22,-40,-27,-38,-12,-39,-44,-40,-26,-65,-51,-89,-87,-100,-94,-125,-117,-172,-164,-141,-135,-133,-145,-137,-153,-143,-124,-320,-318]} 1. d4 Nf6 2. c4 e6 3. Nc3 Bb4 4. e3 O-O 5. Nge2 d5 6. a3 Bd6 7. Ng3 c5 {E46: Nimzo-Indian: Rubinstein: 4 e3 0-0 5 Ne2 without early Bd3} (7... dxc4 8. Bxc4 e5 9. d5 Re8 10. e4 a6 11. O-O Nbd7 12. Nf5 Bf8 13. Ba2 Nb6 14. Ng3 Bd6 15. h3 {0-1 (61) Kuzubov,Y (2667)-Shtembuliak,E (2600) Lutsk 2019}) 8. cxd5 cxd4 9. exd4 exd5 {The position is equal.} 10. Be2 Nc6 {[%cal Bb8c6,Bc6a5,Ba5c4,Bc4a3][%mdl 32]} 11. O-O Be6 12. Qd3 Rc8 13. Bf3 h6 $146 ({Predecessor:} 13... a6 14. Bg5 Be7 15. Rad1 {1-0 (59) Moor,O (2185)-Dubeck,M (2305) Switzerland 1997}) 14. Be3 Na5 15. Rae1 Re8 16. Bd1 a6 17. Bc1 Nc4 18. Nf5 Bf8 19. Ne3 b5 20. Bf3 Qd7 21. Qd1 {[#]} Nxa3 $1 {[%mdl 512]} 22. Ncxd5 (22. bxa3 Rxc3) 22... Nxd5 23. Bxd5 Bxd5 24. Nxd5 (24. bxa3 $17 Bb7 25. Qd2) 24... Qxd5 $19 25. bxa3 Red8 $36 {[%mdl 2048] Black is really pushing.} 26. Bb2 Qa2 27. Qb1 Qxb1 28. Rxb1 Rc2 29. Rfc1 $2 {[#]} (29. Rfe1 $17 {was necessary.}) 29... Rxb2 $1 {[%mdl 576] Remove Defender. Accuracy: White = 27%, Black = 80%.} 0-1

[Event "18th Delhi GM Open 2020"]
[Site "Delhi"]
[Date "2020.01.09"]
[Round "1.4"]
[White "Martinez Alcantara, Jose Eduardo"]
[Black "Harshal, Shahi"]
[Result "1-0"]
[WhiteElo "2606"]
[BlackElo "2166"]
[Annotator "TA"]
[PlyCount "59"]
[EventDate "2020.01.09"]
[EventType "swiss"]
[EventCountry "IND"]
[SourceTitle "playchess.com"]
[Source "ChessBase"]
[SourceQuality "1"]

{[%evp 18,59,41,38,164,159,199,199,207,185,206,187,204,205,254,181,193,191,171,169,244,216,223,217,373,375,375,365,389,399,539,537,710,574,1500,1003,922,786,846,837,812,789,777,666]} 1. Nf3 d5 2. g3 Nf6 3. Bg2 Bg4 4. c4 c6 5. Ne5 Bf5 6. cxd5 cxd5 7. Nc3 e6 8. g4 Bg6 9. Qa4+ Nbd7 10. h4 b5 {A11: English Opening: 1...c6} (10... Bc2 $14 11. Qxc2 Nxe5) (10... Bc2 11. Nxf7 Bxa4 12. Nxd8 Rxd8 13. Nxa4 Nxg4 14. Bh3 Ndf6 15. Rg1 Ne5 16. Bxe6 d4 17. b4 Ng6 18. a3 {½-½ (43) Demuth,A (2538)-Yuffa,D (2527) Cap d'Agde 2017}) 11. Nxb5 $18 ({Weaker is} 11. Qxb5 Rb8 $11) 11... Nxe5 12. Nc7+ $1 {[%mdl 64] Double Attack, Discovered Attack (Double check)} Ke7 {White is clearly better.} 13. Nxa8 Qxa8 {[#]} 14. h5 $1 Be4 15. f3 Bd3 16. f4 $146 ({Predecessor:} 16. exd3 Kd8 17. Ke2 Nfd7 18. b3 {½-½ (58) Von Bahr,O (2299)-Aaberg,A (2374) Sweden 2013}) 16... Nexg4 17. Qa3+ Kd8 18. Qxd3 Bc5 (18... Bd6 {was called for.}) 19. e3 e5 {[#]} 20. b4 $1 Bb6 $2 (20... Bd6 {might work better.} 21. Bb2 exf4) (20... Bxb4 21. h6) 21. fxe5 Nxe5 22. Qf5 Re8 23. h6 Qb8 24. Bb2 {White is clearly winning.} Bxe3 25. O-O-O Nc4 26. Bxf6+ gxf6 27. Qxd5+ Ke7 28. Qxc4 Rc8 29. Bc6 Qf4 30. Rh4 {Accuracy: White = 76%, Black = 31%.} 1-0

[Event "18th Delhi GM Open 2020"]
[Site "Delhi"]
[Date "2020.01.09"]
[Round "1.5"]
[White "Thrish Karthik"]
[Black "Gupta, Abhijeet"]
[Result "0-1"]
[WhiteElo "2165"]
[BlackElo "2603"]
[Annotator "TA"]
[PlyCount "60"]
[EventDate "2020.01.09"]
[EventType "swiss"]
[EventCountry "IND"]
[SourceTitle "playchess.com"]
[Source "ChessBase"]
[SourceQuality "1"]

{[%evp 9,60,12,38,20,40,19,40,37,31,26,21,19,23,23,32,29,40,29,31,36,32,-35,-27,-190,-160,-189,-136,-221,-202,-230,-202,-210,-175,-282,-273,-456,-437,-452,-419,-432,-410,-604,-570,-795,-785,-881,-868,-884,-862,-29993,-29994,-29996,-29997]} 1. e4 c5 2. Nc3 Nc6 3. Bb5 Nd4 4. Nf3 e6 5. O-O Qc7 (5... a6 6. Bd3 Nc6 7. a3 b5 8. Re1 Bb7 9. Bf1 Nf6 10. d4 cxd4 11. Nxd4 Nxd4 12. Qxd4 Qc7 13. e5 Nd5 14. Nxd5 Bxd5 {½-½ (65) Guseinov,G (2664)-Saric,I (2690) chess.com INT 2019}) 6. Re1 {B30: Sicilian: 2...Nc6 3 Bb5, lines without ...g6} Ne7 7. b3 Ng6 $146 ({Predecessor:} 7... a6 8. Bd3 d6 9. Bb2 Nec6 10. Nxd4 Nxd4 11. Ne2 Nxe2+ 12. Qxe2 e5 13. f4 {½-½ (27) Almarza Mato,C (2179)-Hamilton,D (1980) ICCF email 2008}) 8. Bf1 {White is slightly better.} a6 9. Bb2 Bd6 10. g3 Nxf3+ 11. Qxf3 Be5 12. Nd1 b5 13. c3 Bb7 14. d4 Bd6 15. Qe3 (15. Qh5 $14) 15... f5 $15 16. exf5 $2 {[#]} (16. Bg2 $11 f4 17. Qd3) 16... Nh4 $1 $19 {[%cal Rh4f3]} 17. Be2 {[#]} Nxf5 (17... Qc6 18. f3 $15) ({Black should play} 17... Ng2 $1 $19 {[%cal Rg2e3]} 18. Bh5+ g6 19. fxg6 O-O-O) 18. Qg5 (18. Qd2 $17) 18... O-O ({Don't take} 18... Qc6 19. f3 $17) 19. d5 Bxd5 20. c4 Bb7 $40 {[%mdl 128] White is in trouble.} 21. cxb5 (21. Bd3 {was worth a try.} Be7 22. Qh5) 21... axb5 22. Ne3 $2 (22. Bxb5 Nd4 23. Bxd4 cxd4 24. Bd3) 22... Be7 23. Qg4 {aiming for Nxf5.} Qc6 {[%csl Gb7][%cal Rc6h1]} 24. f3 {[#] Strongly threatening Nxf5.} Nd4 $1 {[%mdl 512]} 25. Bxd4 (25. Nc2 $142 Qxf3 26. Bxf3 Nxf3+ 27. Qxf3 Rxf3 28. Re2) 25... cxd4 26. Qxd4 Bc5 27. Qe5 Rf5 28. Qc3 b4 29. Qd2 Rxf3 30. Bxf3 Qxf3 {Accuracy: White = 37%, Black = 80%.} 0-1

[Event "18th Delhi GM Open 2020"]
[Site "Delhi"]
[Date "2020.01.09"]
[Round "1.6"]
[White "Pantsulaia, Levan"]
[Black "Soham Datar"]
[Result "1-0"]
[WhiteElo "2598"]
[BlackElo "2145"]
[Annotator "TA"]
[PlyCount "79"]
[EventDate "2020.01.09"]
[EventType "swiss"]
[EventCountry "IND"]
[SourceTitle "playchess.com"]
[Source "ChessBase"]
[SourceQuality "1"]

{[%evp 23,79,54,63,59,157,128,177,127,131,112,126,122,141,134,152,145,227,221,235,230,249,236,272,203,197,187,208,205,225,194,186,203,256,265,263,235,351,345,378,377,595,562,703,705,679,687,527,664,636,608,1046,1042,1041,992,1031,950,870,870]} 1. c4 c5 2. Nf3 Nc6 3. Nc3 Nf6 4. d4 cxd4 5. Nxd4 g6 6. e4 d6 7. Be2 Bg7 8. Be3 O-O 9. O-O Nxd4 10. Bxd4 Be6 11. Qd2 Qa5 12. Rad1 Rfc8 13. b3 {B38: Sicilian: Maroczy Bind with 5...Bg7 and 7...0-0} Qd8 (13... Bd7 $14) 14. f4 $16 a6 15. Qb2 $146 {White is clearly better.} ({Predecessor:} 15. f5 Bd7 16. c5 dxc5 17. Bxf6 Bxf6 18. Qxd7 Bxc3 19. fxg6 hxg6 {1-0 (29) Konguvel,P (2420)-Debashish,D (2142) New Delhi 2010}) 15... Qf8 16. Bf3 {e5 is the strong threat.} Rab8 17. e5 Nd7 {[%cal Rd6e5]} 18. exd6 Bxd4+ 19. Rxd4 {[%cal Bd1d4,Bd4d6,Bd6c6][%mdl 32]} Qg7 (19... Nf6 $16 20. Ne4 b5 21. cxb5 axb5 22. Nxf6+ exf6) 20. Qd2 $18 exd6 21. Rxd6 b5 22. Nd5 ({Weaker is} 22. Rxa6 bxc4 23. Nd5 Bxd5 $14) 22... Bxd5 23. cxd5 ({But not} 23. Qxd5 $6 Nb6 $16) 23... Nc5 24. Rc1 {Black must now prevent Rc6.} Qf8 25. Rc6 Nb7 26. Rxa6 Rxc1+ 27. Qxc1 Qb4 {[#] Threatens to win with ...Nc5.} 28. Qe3 Qf8 29. h3 Re8 (29... Nd6 $142 30. g4 Ra8 31. Rxa8 Qxa8) 30. Qb6 Nc5 {And now ...Qe7 would win.} 31. Ra7 Nd3 (31... Re7 $142 32. Ra5 Rb7) 32. d6 {White is clearly winning.} Nxf4 33. d7 Rd8 {[#]} 34. Qxd8 $1 {[%mdl 512]} Qxd8 35. Ra8 Ne6 36. Rxd8+ Nxd8 37. a4 bxa4 38. bxa4 {[%cal Bb3a4,Ba4a5,Ba5a6][%mdl 32]} Kf8 39. a5 Ke7 40. a6 {Accuracy: White = 79%, Black = 44%.} 1-0

[Event "18th Delhi GM Open 2020"]
[Site "Delhi"]
[Date "2020.01.09"]
[Round "1.7"]
[White "Dhananjay S"]
[Black "Yakubboev, Nodirbek"]
[Result "1/2-1/2"]
[WhiteElo "2144"]
[BlackElo "2597"]
[Annotator "TA"]
[PlyCount "96"]
[EventDate "2020.01.09"]
[EventType "swiss"]
[EventCountry "IND"]
[SourceTitle "playchess.com"]
[Source "ChessBase"]
[SourceQuality "1"]

{[%evp 16,96,0,0,0,0,9,9,22,-32,12,0,0,6,33,0,0,-234,0,4,22,33,19,14,29,21,27,25,41,0,0,-27,18,12,12,0,100,54,60,12,12,13,13,10,14,5,2,0,0,0,0,-38,-40,-53,-51,-72,-46,-55,-39,-41,-30,-36,-11,-39,0,-18,-18,-112,61,153,283,282,282,275,251,49,49,0,240,0,51,0,232]} 1. Nf3 c5 2. g3 Nc6 3. Bg2 g6 4. O-O Bg7 5. d3 Nf6 6. Nc3 O-O 7. a3 Rb8 8. e4 d6 9. Rb1 Bg4 {B25: Closed Sicilian: 3 g3, lines without early Be3} (9... b5 10. Re1 Nd7 11. Be3 Nd4 12. h3 a5 13. Ne2 e5 14. c3 Nxf3+ 15. Bxf3 Nb6 16. Bg2 Be6 17. Qd2 {0-1 (58) Belyakov,B (2375)-Bakre,T (2509) Moscow 2012}) 10. h3 $146 ({Predecessor:} 10. Nd5 Qc8 11. Bg5 Nxd5 12. exd5 f6 13. Bd2 Ne5 14. Bc3 Qf5 15. Nh4 Bxd1 16. Nxf5 Bxc2 17. Nxg7 Kxg7 {0-1 (31) Klein,W (1951)-Sarec,I (2042) Postbauer 1998}) 10... Bxf3 11. Bxf3 b5 12. Nd5 (12. Be3 $11) 12... Nd7 13. c3 a5 {[%cal Ba7a5,Ba5b4][%mdl 32]} 14. Bg2 b4 15. axb4 axb4 {Threatens to win with ...e6.} 16. Ne3 $2 (16. Bg5 $11) 16... e6 $2 ({Better is} 16... bxc3 $19 17. Nc4 Rb4) 17. Bd2 $11 Nde5 18. f4 Nxd3 19. Qc2 $1 {[%cal Rc2d3]} bxc3 20. bxc3 c4 21. Nxc4 Nc5 $1 22. Rxb8 (22. e5 $5 d5 23. Be3 $16) 22... Nxb8 23. f5 Qc7 24. Bf4 Nb7 25. Qb3 Kh8 (25... Nd7 $11) 26. Rb1 Nc5 $1 {[%cal Rc5b3]} 27. Bxd6 (27. Qc2 {feels hotter.} Be5 28. Nxe5 dxe5 29. Be3 Nbd7 30. Rf1) 27... Qxd6 28. Nxd6 Nxb3 29. Rxb3 Kg8 30. Rb7 Be5 31. Nc4 Bxg3 32. fxe6 fxe6 33. e5 Na6 34. Bc6 Nc5 35. Rb1 Nd3 36. Bd7 Nf4 {( -> ...Ne2+)} 37. Nd6 h5 (37... Kg7 {keeps more tension.} 38. Ne4 Ne2+ 39. Kh1 Bxe5 40. Bxe6 h5) 38. Ne4 h4 39. Kh1 Rd8 40. c4 {[%cal Bc3c4,Bc4c5,Bc5c6][%mdl 32] Threatening c5.} Kg7 41. Nf6 (41. Bc6 $1 $11 {keeps the balance.}) 41... Kh6 $2 (41... Nxh3 $17 42. Bxe6 Bxe5) 42. c5 $14 {aiming for c6.} Ra8 (42... Nxh3 $16 43. Ng4+ Kh5) 43. c6 $1 $18 {[%cal Rc6c7]} Ra7 44. Rc1 $1 Rc7 {[#]} 45. Ne8 $2 ({White must play} 45. Ra1 $1 $18) 45... Ra7 $1 $14 {[%cal Ra7a2] White must now prevent ...Ra2.} 46. Nf6 $2 (46. Rf1 $14 Nd5 47. Bxe6) 46... Rc7 $18 {[#]} 47. Ne8 $2 (47. Ra1 $1 $18) 47... Ra7 $1 $14 {[%cal Ra7a2] Hoping for ...Ra2.} 48. Nf6 $2 (48. Rf1 $1 $14 Nd5 49. Bxe6) 48... Rc7 {Accuracy: White = 30%, Black = 48%.} 1/2-1/2

[Event "18th Delhi GM Open 2020"]
[Site "Delhi"]
[Date "2020.01.09"]
[Round "1.8"]
[White "Aleksandrov, Aleksej"]
[Black "Utsab Chatterjee"]
[Result "1-0"]
[WhiteElo "2592"]
[BlackElo "2142"]
[Annotator "TA"]
[PlyCount "35"]
[EventDate "2020.01.09"]
[EventType "swiss"]
[EventCountry "IND"]
[SourceTitle "playchess.com"]
[Source "ChessBase"]
[SourceQuality "1"]

{[%evp 1,1,22]} 1. d4 {Predecessor:} Nf6 $146 2. c4 g6 3. Nc3 Bg7 4. e4 d6 5. Nf3 O-O 6. Be2 e5 7. O-O Nc6 8. dxe5 dxe5 9. Qxd8 Nxd8 10. Be3 Ne6 11. h3 c6 12. Nxe5 Nxe4 13. Nxc6 bxc6 14. Nxe4 Bxb2 15. Rad1 Ba6 16. Rd7 f5 17. Nc5 Nxc5 18. Bxc5 {½-½ (43) Carlsen,M (2872)-Grischuk,A (2777) Moscow 2019} 1-0

[Event "18th Delhi GM Open 2020"]
[Site "Delhi"]
[Date "2020.01.09"]
[Round "1.9"]
[White "Kiran, Manisha Mohanty"]
[Black "Goganov, Aleksey"]
[Result "0-1"]
[WhiteElo "2133"]
[BlackElo "2583"]
[Annotator "TA"]
[PlyCount "130"]
[EventDate "2020.01.09"]
[EventType "swiss"]
[EventCountry "IND"]
[SourceTitle "playchess.com"]
[Source "ChessBase"]
[SourceQuality "1"]

{[%evp 20,130,30,20,46,40,51,14,31,34,49,45,86,76,66,61,58,47,64,45,42,44,100,89,109,110,113,115,142,137,134,68,78,46,51,25,24,33,64,29,16,20,17,-16,-16,-9,-17,-52,-43,-70,-77,-77,-63,-57,-46,-67,-27,-311,-319,-333,-336,-342,-327,-313,-324,-499,-481,-483,-482,-480,-464,-469,-468,-447,-447,-29960,-29961,-29965,-29966,-29966,-29966,-29967,-29968,-29962,-29962,-29957,-29957,-29969,-29970,-29973,-29975,-29976,-29977,-29984,-29985,-29985,-29986,-29992,-29983,-29984,-29984,-29985,-29986,-29989,-29988,-29988,-29989,-29989,-29987,-29985,-29986,-29986,-29987]} 1. e4 c5 2. Nf3 e6 3. d4 cxd4 4. Nxd4 Nc6 5. Nb5 d6 6. c4 a6 7. N5c3 Nf6 8. Be2 Be7 9. Be3 O-O 10. O-O b6 11. Na3 {[%cal Bb1a3,Ba3c2,Bc2d4][%mdl 32]} Nd7 {B44: Sicilian: Taimanov: 5 Nb5} (11... Bb7 12. f3 Ne5 {½-½ (12) Romanov,E (2579)-Alekseev,E (2635) St Petersburg 2019}) 12. Nc2 Bb7 13. Nd4 Rc8 {The position is equal.} 14. Rc1 Nc5 15. f3 Bg5 16. Bxg5 $1 Qxg5 17. Nxc6 $1 Rxc6 $146 ({Predecessor:} 17... Qe3+ 18. Kh1 Bxc6 19. b4 Na4 20. Nxa4 Bxa4 21. Qxa4 Qxe2 22. Qxa6 {1-0 (34) Honfi,K-Shamkovich,L Moscow 1971}) 18. f4 Qe7 19. Bf3 Rcc8 20. Qd2 Nd7 ({Black should play} 20... Rfd8 $14) 21. Rcd1 $1 $16 Rxc4 22. Qxd6 Qxd6 23. Rxd6 Rc7 24. Rfd1 Bc8 25. e5 (25. a4 $16) 25... b5 26. Ne2 g5 {next ...gxf4 is good for Black.} 27. g3 gxf4 28. gxf4 f6 29. Rc6 (29. Bg4 $5 {[%cal Rg4e6]} Nc5 30. exf6 $14) 29... Rxc6 30. Bxc6 Nb8 31. Bg2 fxe5 32. fxe5 Nd7 33. Nd4 Nxe5 34. Re1 Nd3 $1 {[%cal Rd3e1]} 35. Re3 Nf4 36. Be4 Kg7 37. Rc3 Kf6 {...Ke5 is the strong threat.} 38. Bxh7 $2 {[%mdl 8192]} (38. Kf2 $11) 38... e5 $1 $19 {[%cal Re5d4]} 39. Rc6+ {[#]} Kg7 $1 {[%cal Rg7h7]} 40. Rc7+ Kh6 41. Nf3 {[#]} Ne6 $1 {[%csl LRc7,LRf3][%cal Re6c7][%mdl 64] Discovered Attack} 42. Re7 (42. Rc3 $142 Kxh7 43. Re3) 42... Rxf3 43. Be4 Rf4 44. Bb7 Bxb7 45. Rxe6+ {[%mdl 4096] Endgame KRB-KR} Kg5 46. Rxe5+ Kg4 47. Re2 (47. Rc5 $19) 47... Kf3 {Black mates.} 48. Kf1 Be4 49. Ke1 Bd3 50. Rf2+ Ke3 51. Rxf4 Kxf4 {KB-K3P} 52. Kd2 Bb1 53. a3 a5 54. Kc3 Ke3 55. h4 Bg6 56. Kb3 Kd3 {[%cal Rg6f7]} 57. Ka2 Kc2 58. Ka1 Kb3 59. h5 Bxh5 {KB-KPP} 60. Kb1 Bg6+ 61. Ka1 Bf5 62. a4 Kxa4 63. Ka2 Be6+ 64. Ka1 Kb3 65. Kb1 a4 {Accuracy: White = 34%, Black = 73%.} 0-1